Ústav pamäti národa: Doložených máme sedem obetí

Bibliographic Details
Main Author: (jv) (Author)
Format: Article
Language:Slovak
PhysicalDescription:Fotografie
ISSN:1339-7605
Subjects:
Online Access:https://kosicednes.sk/tema-dna/sestra-michala-hamraka-zavrazdeneho-v-auguste-68-caka-na-spravodlivost/

MARC

LEADER 00000nab a2200000u 4500
001 vtls011912151
003 SK-MaSNL
005 20260305020456.0
008 200121|20200120xo ||||||| ||00 ||slo|
038 |a KEVKJB 
040 |a KEVKJB  |b slo  |e rda 
041 0 |a slo 
043 |a e-xo--- 
044 |a xo  |c SK 
072 7 |a 94(437)  |x Dejiny Československa  |2 konspekt 
080 |a 94(437)"1968"  |2 2011 
100 1 |a (jv)  |4 aut  |9 842955 
245 1 0 |a Ústav pamäti národa: Doložených máme sedem obetí  |c [autor] (JV) 
300 |b Fotografie 
336 |a text  |b txt  |2 rdacontent 
337 |a bez média  |b n  |2 rdamedia 
338 |a zväzok  |b nc  |2 rdacarrier 
600 1 7 |a Hamrák, Michal,  |d 1952-1968  |2 kevkjb  |9 1596101 
610 2 7 |a Ústav pamäti národa  |2 SNKKA  |9 96526 
650 0 7 |a August (1968 : Československo)  |2 SNKPH  |9 68467 
650 0 7 |a obete  |2 SNKPH  |9 24014 
651 7 |a Košice (Slovensko)  |2 SNKPHgeo  |9 18694 
773 0 |t KOŠICE:DNES  |g Roč. 7, č. 12 (20.1.2020), s. 2-3  |x 1339-7605 
852 |a KEVKJB  |b KIS3GCP 
856 4 1 |u https://kosicednes.sk/tema-dna/sestra-michala-hamraka-zavrazdeneho-v-auguste-68-caka-na-spravodlivost/ 
999 |c 3280901  |d 3282831